Statistiques concernant Les prénoms les plus portés en France de A à Z (avec indices)

Cliquez ici pour prendre le quiz!

Statistiques générales

  • Ce quiz a été pris 1 821 fois
    (1 820 depuis la dernière actualisation)
  • Le résultat moyen est 17 sur 24

Statistiques - réponses

LettreGenreIndicePrénom% Correct
QMasculin... TarantinoQuentin
89%
PMasculinDur comme la rochePierre
88%
MFémininUne des principales figures du ChristianismeMarie
87%
CFéminin... De MédicisCatherine
86%
JMasculinPrénom masculin le plus courant en FranceJean
86%
ZFémininNom porté par une voiture RenaultZoé
86%
XMasculinPrénom du président de la région Hauts-de-FranceXavier
85%
KMasculinPrénom anglophoneKevin
79%
BMasculinPrénom d'un ancien 1er ministre et d'un ancien propriétaire de l'OMBernard
78%
DMixteSans le Sofitel,il aurait sans doute été élu président de la RépubliqueDominique
75%
TMasculinPrénom du meilleur buteur de l'histoire de l'Equipe de France de footballThierry
75%
OMasculinNom d'arbreOlivier
74%
YMasculinChanteur et acteur français,mari de Simone SignoretYves
72%
IFéminin...HuppertIsabelle
71%
FFémininChanteuse,femme de Jacques Dutronc et mère de Thomas DutroncFrançoise
69%
VFémininA écrit "Merci pour ce moment"Valérie
68%
HFémininFille de Zeus,son enlèvement par Pâris déclenche la guerre de TroieHélène
66%
LMasculinPrénom d'un humoriste souvent présent à la télévision avec Thierry ArdissonLaurent
64%
EMasculinPrénom d'un ancien footballeur français de Manchester UnitedEric
61%
NFémininTitre d'une chanson de Gilbert BécaudNathalie
61%
SFémininPrénom de Miss France 2002Sylvie
59%
RMasculinPrénom du dernier président de la IVe RépubliqueRené
57%
GMasculinUn footballeur anglais,joueur emblématique de Liverpool,portait ce nomGérard
55%
AMasculinSurnom du philosophe Emile-Auguste ChartierAlain
40%

Distribution des résultats

Percentile par nombre de réponses

% des personnes avec chaque résultat

Votre développement - résultats

Vous n’avez pas pris ce quiz depuis la dernière actualisation